[Event "Storsjodraget 2022"]
[Site "Ostersund"]
[Date "2022.06.10"]
[Round "1"]
[Board "4"]
[White "Helin, Mikael"]
[Black "Hammarstrom, Ulf"]
[Result "1-0"]
[WhiteElo "1751"]
[BlackElo "2225"]
[PlyCount "0"]
[EventDate "2022.06.10"]
[EventRounds "7"]
[EventCountry "SWE"]

1. e4 {[%clk 00:15:08]} {[%emt 00:00:01]} c5 {[%clk 00:15:04]} {[%emt
00:00:07]} 2. c4 {[%clk 00:15:07]} {[%emt 00:00:06]} Nc6 {[%clk 00:15:06]}
{[%emt 00:00:03]} 3. Nc3 {[%clk 00:15:10]} {[%emt 00:00:02]} g6 {[%clk
00:15:07]} {[%emt 00:00:03]} 4. g3 {[%clk 00:15:14]} {[%emt 00:00:02]} Bg7
{[%clk 00:15:10]} {[%emt 00:00:01]} 5. Bg2 {[%clk 00:15:17]} {[%emt 00:00:02]}
d6 {[%clk 00:15:12]} {[%emt 00:00:04]} 6. h3 {[%clk 00:15:08]} {[%emt
00:00:13]} Nf6 {[%clk 00:14:57]} {[%emt 00:00:21]} 7. Nge2 {[%clk 00:15:10]}
{[%emt 00:00:03]} O-O {[%clk 00:14:59]} {[%emt 00:00:03]} 8. O-O {[%clk
00:15:12]} {[%emt 00:00:02]} a6 {[%clk 00:13:44]} {[%emt 00:01:21]} 9. d3
{[%clk 00:15:11]} {[%emt 00:00:05]} Rb8 {[%clk 00:13:23]} {[%emt 00:00:27]} 10.
f4 {[%clk 00:15:11]} {[%emt 00:00:04]} Nd7 {[%clk 00:12:41]} {[%emt 00:00:48]}
11. g4 {[%clk 00:15:05]} {[%emt 00:00:10]} Nd4 {[%clk 00:12:37]} {[%emt
00:00:10]} 12. Ng3 {[%clk 00:14:47]} {[%emt 00:00:22]} b5 {[%clk 00:12:28]}
{[%emt 00:00:15]} 13. g5 {[%clk 00:14:29]} {[%emt 00:00:22]} bxc4 {[%clk
00:12:22]} {[%emt 00:00:11]} 14. dxc4 {[%clk 00:14:31]} {[%emt 00:00:03]} Nb6
{[%clk 00:11:46]} {[%emt 00:00:41]} 15. f5 {[%clk 00:14:08]} {[%emt 00:00:28]}
Nxc4 {[%clk 00:10:58]} {[%emt 00:00:53]} 16. b3 {[%clk 00:13:49]} {[%emt
00:00:24]} Nc6 {[%clk 00:10:04]} {[%emt 00:00:59]} 17. Nd5 {[%clk 00:12:25]}
{[%emt 00:01:29]} Bxa1 {[%clk 00:09:50]} {[%emt 00:00:19]} 18. bxc4 {[%clk
00:12:06]} {[%emt 00:00:25]} Be5 {[%clk 00:09:05]} {[%emt 00:00:49]} 19. Nh5
{[%clk 00:10:25]} {[%emt 00:01:47]} Nb4 {[%clk 00:05:48]} {[%emt 00:03:22]} 20.
Ndf4 {[%clk 00:06:45]} {[%emt 00:03:44]} e6 {[%clk 00:03:28]} {[%emt 00:02:26]}
21. a3 {[%emt 00:01:26]} Nc6 {[%clk 00:03:05]} {[%emt 00:00:02]} 22. f6 {[%clk
00:05:28]} {[%emt 00:00:27]} Qb6 {[%clk 00:02:00]} {[%emt 00:01:10]} 23. Qg4
{[%clk 00:03:10]} {[%emt 00:02:23]} Nd4 {[%clk 00:00:52]} {[%emt 00:01:13]} 24.
Ng3 {[%clk 00:02:44]} {[%emt 00:00:31]} Kh8 {[%clk 00:00:41]} {[%emt 00:00:15]}
25. Qh4 {[%clk 00:02:12]} {[%emt 00:00:37]} Bxf4 {[%clk 00:00:35]} {[%emt
00:00:11]} 26. Qh6 {[%clk 00:01:52]} {[%emt 00:00:25]} Rg8 {[%clk 00:00:40]}
{[%emt 00:00:01]} 27. Rxf4 {[%clk 00:01:55]} {[%emt 00:00:01]} Qb1 {[%clk
00:00:16]} {[%emt 00:00:29]} 28. Qxh7+ {[%clk 00:01:57]} {[%emt 00:00:03]} Kxh7
{[%clk 00:00:20]} {[%emt 00:00:02]} 29. Rh4#  1-0

[Event "Storsjodraget 2022"]
[Site "Ostersund"]
[Date "2022.06.10"]
[Round "2"]
[Board "8"]
[White "Przylecki, Mateusz"]
[Black "Roulet-Dubonnet, Emerik Vapenstad"]
[Result "0-1"]
[WhiteElo "1493"]
[BlackElo "2118"]
[PlyCount "0"]
[EventDate "2022.06.10"]
[EventRounds "7"]
[EventCountry "SWE"]

1. e4 {[%clk 00:15:08]} {[%emt 00:00:01]} c5 {[%clk 00:15:08]} {[%emt
00:00:03]} 2. Nf3 {[%clk 00:15:11]} {[%emt 00:00:02]} e6 {[%clk 00:15:12]}
{[%emt 00:00:01]} 3. d4 {[%clk 00:15:15]} {[%emt 00:00:02]} cxd4 {[%clk
00:15:16]} 4. Nxd4 {[%clk 00:15:18]} {[%emt 00:00:03]} Nc6 {[%clk 00:15:20]} 5.
Nc3 {[%clk 00:15:08]} {[%emt 00:00:15]} Qc7 {[%clk 00:15:23]} {[%emt 00:00:04]}
6. f3 {[%clk 00:14:51]} {[%emt 00:00:21]} Nf6 {[%clk 00:15:16]} {[%emt
00:00:11]} 7. Be3 {[%clk 00:14:21]} {[%emt 00:00:35]} a6 {[%clk 00:14:50]}
{[%emt 00:00:31]} 8. a3 {[%clk 00:14:14]} {[%emt 00:00:12]} Be7 {[%clk
00:14:31]} {[%emt 00:00:23]} 9. Qd2 {[%clk 00:14:14]} {[%emt 00:00:07]} O-O
{[%clk 00:14:21]} {[%emt 00:00:14]} 10. O-O-O {[%clk 00:14:10]} {[%emt
00:00:08]} b5 {[%clk 00:14:13]} {[%emt 00:00:13]} 11. Nce2 {[%clk 00:13:29]}
{[%emt 00:00:46]} Ne5 {[%clk 00:14:10]} {[%emt 00:00:08]} 12. Bf4 {[%clk
00:12:46]} {[%emt 00:00:48]} d6 {[%clk 00:14:08]} {[%emt 00:00:07]} 13. Bxe5
{[%clk 00:11:31]} {[%emt 00:01:20]} dxe5 {[%clk 00:14:12]} 14. Nb3 {[%clk
00:11:31]} {[%emt 00:00:06]} a5 {[%clk 00:14:03]} {[%emt 00:00:14]} 15. Qc3
{[%clk 00:11:24]} {[%emt 00:00:13]} Qb6 {[%clk 00:13:58]} {[%emt 00:00:10]} 16.
f4 {[%clk 00:10:41]} {[%emt 00:00:48]} exf4 {[%clk 00:13:52]} {[%emt 00:00:11]}
17. Nxf4 {[%clk 00:10:36]} {[%emt 00:00:10]} Nxe4 {[%clk 00:13:53]} {[%emt
00:00:03]} 18. Qf3 {[%clk 00:10:18]} {[%emt 00:00:24]} Nf2 {[%clk 00:13:36]}
{[%emt 00:00:21]} 19. Bd3 {[%clk 00:09:47]} {[%emt 00:00:36]} Nxd1 {[%clk
00:13:10]} {[%emt 00:00:30]} 20. Rxd1 {[%clk 00:09:46]} {[%emt 00:00:07]} Bb7
{[%clk 00:12:56]} {[%emt 00:00:20]} 21. Qg4 {[%clk 00:09:14]} {[%emt 00:00:36]}
e5 {[%clk 00:12:10]} {[%emt 00:00:51]} 22. Nh5 {[%clk 00:08:43]} {[%emt
00:00:37]} Qh6+ {[%clk 00:12:13]} {[%emt 00:00:02]} 23. Kb1 {[%clk 00:08:45]}
{[%emt 00:00:02]} a4 {[%clk 00:11:46]} {[%emt 00:00:33]} 24. Nd2 {[%clk
00:08:31]} {[%emt 00:00:19]} Bc8 {[%clk 00:11:12]} {[%emt 00:00:38]} 25. Qf3
{[%clk 00:07:52]} {[%emt 00:00:45]} Be6 {[%clk 00:11:13]} {[%emt 00:00:03]} 26.
Ne4 {[%clk 00:07:37]} {[%emt 00:00:20]} f5 {[%clk 00:10:25]} {[%emt 00:00:53]}
27. Nxg7 {[%clk 00:06:26]} {[%emt 00:01:17]} Qxg7 {[%clk 00:10:18]} {[%emt
00:00:11]} 28. Ng3 {[%clk 00:06:06]} {[%emt 00:00:26]} e4 {[%clk 00:10:20]}
{[%emt 00:00:02]} 29. Nxe4 {[%clk 00:06:04]} {[%emt 00:00:08]} fxe4 {[%clk
00:10:21]} {[%emt 00:00:03]} 30. Qxe4 {[%clk 00:06:07]} {[%emt 00:00:03]} Bc4
{[%clk 00:10:09]} {[%emt 00:00:17]} 31. Bxc4+ {[%clk 00:05:57]} {[%emt
00:00:15]} bxc4 {[%clk 00:10:13]} 32. Rd7 {[%clk 00:06:00]} {[%emt 00:00:02]}
Rab8 {[%clk 00:10:00]} {[%emt 00:00:17]} 33. Qe6+ {[%clk 00:05:25]} {[%emt
00:00:41]} Kh8 {[%clk 00:10:00]} {[%emt 00:00:03]} 34. c3 {[%clk 00:05:28]}
{[%emt 00:00:04]} Qxc3 {[%clk 00:09:53]} {[%emt 00:00:12]} 35. Qe2 {[%clk
00:05:15]} {[%emt 00:00:18]} Bf6 {[%clk 00:09:46]} {[%emt 00:00:11]}  0-1

[Event "Storsjodraget 2022"]
[Site "Ostersund"]
[Date "2022.06.10"]
[Round "1"]
[Board "5"]
[White "Nygren, David"]
[Black "Forsberg, Mikael"]
[Result "1-0"]
[WhiteElo "2182"]
[BlackElo "1749"]
[PlyCount "0"]
[EventDate "2022.06.10"]
[EventRounds "7"]
[EventCountry "SWE"]

1. e4 {[%clk 00:15:07]} {[%emt 00:00:02]} d6 {[%clk 00:15:05]} {[%emt
00:00:06]} 2. d4 {[%clk 00:15:10]} {[%emt 00:00:02]} g6 {[%clk 00:15:08]} 3.
Nf3 {[%clk 00:15:09]} {[%emt 00:00:05]} Bg7 {[%clk 00:14:57]} {[%emt 00:00:17]}
4. Be3 {[%clk 00:15:12]} {[%emt 00:00:02]} Bg4 {[%clk 00:14:52]} {[%emt
00:00:10]} 5. h3 {[%clk 00:14:56]} {[%emt 00:00:21]} Bxf3 {[%clk 00:14:53]}
{[%emt 00:00:04]} 6. Qxf3 {[%clk 00:14:58]} {[%emt 00:00:03]} c6 {[%clk
00:14:52]} {[%emt 00:00:07]} 7. Nc3 {[%clk 00:14:45]} {[%emt 00:00:18]} Nd7
{[%clk 00:14:33]} {[%emt 00:00:23]} 8. O-O-O {[%clk 00:14:22]} {[%emt
00:00:28]} e5 {[%clk 00:13:01]} {[%emt 00:01:37]} 9. dxe5 {[%clk 00:13:53]}
{[%emt 00:00:34]} Nxe5 {[%clk 00:13:02]} {[%emt 00:00:04]} 10. Qg3 {[%clk
00:13:45]} {[%emt 00:00:10]} Qe7 {[%clk 00:11:46]} {[%emt 00:01:23]} 11. Bd4
{[%clk 00:13:09]} {[%emt 00:00:42]} Nf6 {[%clk 00:11:00]} {[%emt 00:00:51]} 12.
f4 {[%clk 00:12:45]} {[%emt 00:00:29]} Nh5 {[%clk 00:10:44]} {[%emt 00:00:21]}
13. Qf2 {[%clk 00:12:24]} {[%emt 00:00:25]} Bh6 {[%clk 00:09:52]} {[%emt
00:00:58]} 14. Be3 {[%clk 00:11:30]} {[%emt 00:00:59]} Nd7 {[%clk 00:06:55]}
{[%emt 00:03:03]} 15. g4 {[%clk 00:11:18]} {[%emt 00:00:16]} Nhf6 {[%clk
00:06:57]} {[%emt 00:00:03]} 16. g5 {[%clk 00:11:08]} {[%emt 00:00:15]} Nxe4
{[%clk 00:06:56]} {[%emt 00:00:06]} 17. Nxe4 {[%clk 00:11:04]} {[%emt
00:00:09]} Qxe4 {[%clk 00:06:59]} {[%emt 00:00:02]} 18. Bg2 {[%clk 00:10:39]}
{[%emt 00:00:29]} Qa4 {[%clk 00:07:03]} {[%emt 00:00:02]} 19. gxh6 {[%clk
00:10:17]} {[%emt 00:00:28]} Qxa2 {[%clk 00:07:05]} {[%emt 00:00:02]} 20. Bd4
{[%clk 00:09:35]} {[%emt 00:00:47]} Nb6 {[%clk 00:06:54]} {[%emt 00:00:16]} 21.
Rhe1+ {[%clk 00:08:21]} {[%emt 00:01:18]} Kd7 {[%clk 00:06:58]} {[%emt
00:00:02]} 22. Bxb6 {[%clk 00:07:44]} {[%emt 00:00:42]} axb6 {[%clk 00:07:01]}
{[%emt 00:00:02]} 23. Qxb6 {[%clk 00:07:40]} {[%emt 00:00:10]} Rhb8 {[%clk
00:06:45]} {[%emt 00:00:20]} 24. Rxd6+ {[%clk 00:06:35]} {[%emt 00:01:10]} Kxd6
{[%clk 00:06:26]} {[%emt 00:00:24]} 25. Qd4+ {[%clk 00:06:38]} {[%emt
00:00:02]} Kc7 {[%clk 00:05:36]} {[%emt 00:00:56]} 26. Re7+ {[%clk 00:06:40]}
{[%emt 00:00:02]} Kc8 {[%clk 00:05:38]} {[%emt 00:00:03]} 27. Qd7# {[%emt
00:00:05]}  1-0

[Event "Storsjodraget 2022"]
[Site "Ostersund"]
[Date "2022.06.10"]
[Round "2"]
[Board "9"]
[White "Madebrink, Lars"]
[Black "Salholm, Soren"]
[Result "1-0"]
[WhiteElo "2109"]
[BlackElo "1896"]
[PlyCount "0"]
[EventDate "2022.06.10"]
[EventRounds "7"]
[EventCountry "SWE"]

1. d4 {[%clk 00:15:07]} {[%emt 00:00:04]} d5 {[%clk 00:15:06]} {[%emt
00:00:03]} 2. Nf3 {[%clk 00:15:09]} {[%emt 00:00:02]} Nf6 {[%clk 00:15:03]}
{[%emt 00:00:09]} 3. c4 {[%clk 00:15:12]} {[%emt 00:00:02]} c6 {[%clk
00:14:52]} {[%emt 00:00:15]} 4. Qc2 {[%clk 00:14:52]} {[%emt 00:00:25]} g6
{[%clk 00:14:17]} {[%emt 00:00:42]} 5. Bf4 {[%clk 00:13:54]} {[%emt 00:01:01]}
Bg7 {[%clk 00:13:58]} {[%emt 00:00:24]} 6. e3 {[%clk 00:13:47]} {[%emt
00:00:13]} O-O {[%clk 00:12:06]} {[%emt 00:01:56]} 7. Bd3 {[%clk 00:13:10]}
{[%emt 00:00:43]} dxc4 {[%clk 00:08:20]} {[%emt 00:03:51]} 8. Bxc4 {[%clk
00:12:44]} {[%emt 00:00:31]} Nd5 {[%clk 00:07:59]} {[%emt 00:00:26]} 9. Bg3
{[%clk 00:11:49]} {[%emt 00:01:00]} a5 {[%clk 00:06:29]} {[%emt 00:01:35]} 10.
a3 {[%clk 00:11:14]} {[%emt 00:00:40]} b5 {[%clk 00:05:27]} {[%emt 00:01:08]}
11. Bd3 {[%clk 00:10:39]} {[%emt 00:00:39]} Bb7 {[%clk 00:02:56]} {[%emt
00:02:36]} 12. O-O {[%clk 00:10:27]} {[%emt 00:00:17]} Qb6 {[%clk 00:02:48]}
{[%emt 00:00:12]} 13. Nbd2 {[%clk 00:10:19]} {[%emt 00:00:14]} Nd7 {[%clk
00:02:14]} {[%emt 00:00:39]} 14. Ne4 {[%clk 00:09:30]} {[%emt 00:00:53]} b4
{[%clk 00:01:22]} {[%emt 00:00:58]} 15. Rfc1 {[%clk 00:08:48]} {[%emt
00:00:46]} a4 {[%clk 00:00:32]} {[%emt 00:00:54]} 16. Nc5 {[%clk 00:07:31]}
{[%emt 00:01:23]} Nxc5 {[%clk 00:00:33]} {[%emt 00:00:05]} 17. Qxc5 {[%clk
00:07:28]} {[%emt 00:00:07]} Qxc5 {[%clk 00:00:10]} {[%emt 00:00:29]} 18. Rxc5
{[%clk 00:07:27]} {[%emt 00:00:05]} b3 {[%emt 00:00:10]}  1-0